[Event "2nd Sanjin Hotel Cup"]
[Site "Tiayuan CHN"]
[Date "2005.07.19"]
[EventDate "2005.07.09"]
[Round "10"]
[Result "0-1"]
[White "Sergey Karjakin"]
[Black "Wang Hao"]
[WhiteElo "2645"]
[BlackElo "2512"]
[PlyCount "116"]

1. e4 e6 2. d4 d5 3. Nc3 Nf6 4. e5 Nfd7 5. f4 c5 6. Nf3 Nc6
7. Be3 a6 8. Qd2 b5 9. a3 Bb7 10. Be2 Qb6 11. Nd1 Rc8 12. c3
cxd4 13. Nxd4 Bc5 14. O-O O-O 15. Nf2 Bxd4 16. cxd4 Na5
17. Qd3 f5 18. g4 Nc6 19. Nh1 Ne7 20. Ng3 g6 21. Kh1 Rc4
22. gxf5 exf5 23. Rg1 Nc5 24. Qd1 Ne6 25. Rg2 Kh8 26. Bd3 Rfc8
27. Ne2 b4 28. a4 a5 29. h4 Rf8 30. Qg1 Rc7 31. h5 Ba6 32. Rd1
Bxd3 33. Rxd3 Qc6 34. hxg6 Nxg6 35. b3 Nh4 36. Rg3 Qc2 37. Bd2
Rg7 38. Qc1 Rc8 39. Rxg7 Kxg7 40. Qxc2 Rxc2 41. Ng3 Kf7
42. Ne2 Rb2 43. Ng1 Ng6 44. Nh3 h6 45. Kg1 Ne7 46. Kf1 Nc6
47. Be3 Rc2 48. Ng1 Rc3 49. Rxc3 bxc3 50. Nf3 Kg6 51. Nh4+ Kh5
52. Nxf5 Kg4 53. Nxh6+ Kf3 54. Bc1 Nexd4 55. f5 Nxe5 56. f6
Ne6 57. f7 d4 58. Nf5 Nxf7 0-1

[Event "2nd Dato' Arthur Tan Malaysian Open"]
[Site "Kuala Lumpur MAS"]
[Date "2005.08.20"]
[EventDate "2005.08.19"]
[Round "1"]
[Result "1-0"]
[White "Wang Hao"]
[Black "Ning Yang"]
[WhiteElo "2512"]
[BlackElo "2164"]
[PlyCount "72"]

1. e4 e5 2. Nf3 Nf6 3. d4 Nxe4 4. Bd3 d5 5. Nxe5 Nd7 6. Nxd7
Bxd7 7. O-O Bd6 8. Nc3 Nxc3 9. bxc3 O-O 10. Qh5 f5 11. Re1 Qf6
12. Bg5 Qf7 13. Qxf7+ Rxf7 14. c4 Bb4 15. Re5 Bc3 16. Rb1 Bxd4
17. Rxd5 c5 18. Rxb7 Be6 19. Rxf7 Kxf7 20. Rd6 Rb8 21. g3 Rb4
22. Kg2 Ra4 23. h4 Rxa2 24. Rc6 Bd7 25. Rc7 Ke6 26. h5 h6
27. Bf4 a5 28. Ra7 a4 29. Ra6+ Ke7 30. Kf3 Rb2 31. Ra7 Ke8
32. Be3 Rb8 33. Bxd4 cxd4 34. Kf4 Bc6 35. Ke5 Bd7 36. Kxd4 Rd8
1-0

[Event "2nd Dato' Arthur Tan Malaysian Open"]
[Site "Kuala Lumpur MAS"]
[Date "2005.08.20"]
[EventDate "2005.08.19"]
[Round "2"]
[Result "0-1"]
[White "Atanu Lahiri"]
[Black "Wang Hao"]
[WhiteElo "2344"]
[BlackElo "2512"]
[PlyCount "92"]

1. d4 d5 2. c4 c6 3. Nf3 Nf6 4. cxd5 cxd5 5. Nc3 Nc6 6. Bf4 a6
7. Rc1 Bf5 8. e3 e6 9. Qb3 Na5 10. Qa4+ Nc6 11. Qb3 Ra7
12. Be2 Be7 13. O-O O-O 14. Ne5 Nxe5 15. Bxe5 Nd7 16. Bg3 b5
17. a4 b4 18. Nb1 Qa5 19. Nd2 Nb6 20. Bc7 Rb7 21. Bxb6 Qxb6
22. a5 Qxa5 23. Ra1 Qb6 24. Bxa6 Rc7 25. Bd3 Bxd3 26. Qxd3
Rfc8 27. g3 Rc2 28. Ra2 g6 29. Rfa1 Qd8 30. Nb3 Kg7 31. Kg2 h5
32. h4 Bf8 33. Nd2 Bd6 34. b3 R2c3 35. Qe2 e5 36. Qb5 exd4
37. exd4 Be7 38. Ra7 R8c7 39. Rxc7 Rxc7 40. Ra5 Bf6 41. Nf3
Rc2 42. Qxb4 Qe8 43. Qe1 Re2 44. Qf1 Qe4 45. Rxd5 Rd2 46. Qc1
Rd3 0-1

[Event "Kuala Lumpur op"]
[Site "Kuala Lumpur"]
[Date "2005.08.20"]
[EventDate "?"]
[Round "5"]
[Result "1-0"]
[White "Wang Hao"]
[Black "Eugenio Torre"]
[WhiteElo "2512"]
[BlackElo "2535"]
[PlyCount "93"]

1. e4 e5 2. Nf3 Nc6 3. d4 exd4 4. Nxd4 Bb4+ 5. c3 Bc5 6. Be3
Bb6 7. Qg4 Qf6 8. Qg3 Qg6 9. Qf4 Qf6 10. Nxc6 bxc6 11. Nd2 d6
12. Bd3 Qxf4 13. Bxf4 Ne7 14. a4 a5 15. Nc4 Rb8 16. e5 d5
17. Nxb6 cxb6 18. e6 Rb7 19. exf7+ Kxf7 20. O-O-O Bf5 21. Rhe1
Bxd3 22. Rxd3 Rd8 23. Rf3 Rdd7 24. Bg5+ Kg8 25. Re6 Rbc7
26. Bf4 Rc8 27. Be3 b5 28. Bc5 Ng6 29. Rfe3 Kf7 30. g3 bxa4
31. f4 Rcc7 32. f5 Ne7 33. g4 Ng8 34. Re8 Ne7 35. Rh8 h6
36. Re6 Rb7 37. Bd4 a3 38. bxa3 c5 39. Bxc5 Rdc7 40. Bd4 Rc4
41. h4 h5 42. Rxh5 Nc6 43. Bxg7 Rxg4 44. Rg5 Rc4 45. Bh6 Rxc3+
46. Kd2 Rc2+ 47. Kd1 1-0

[Event "2nd Dato' Arthur Tan Malaysian Open"]
[Site "Kuala Lumpur MAS"]
[Date "2005.08.21"]
[EventDate "2005.08.19"]
[Round "3"]
[Result "1-0"]
[White "Wang Hao"]
[Black "Sugeng Prayitno"]
[WhiteElo "2512"]
[BlackElo "2333"]
[PlyCount "79"]

1. e4 c6 2. d4 d5 3. Nd2 dxe4 4. Nxe4 Nf6 5. Nxf6+ gxf6 6. c3
Bf5 7. Ne2 e6 8. Nf4 Bd6 9. g4 Be4 10. f3 Bg6 11. h4 Qc7
12. Qd2 e5 13. h5 exf4 14. hxg6 fxg6 15. Bd3 Qf7 16. Rh6 Rg8
17. Qe2+ Kd8 18. Qh2 Re8+ 19. Kf2 Re7 20. Bxf4 Bxf4 21. Qxf4
Nd7 22. b3 Nf8 23. Bc4 Qg7 24. d5 b5 25. Be2 Re5 26. dxc6 Kc7
27. Rd1 Kxc6 28. Bxb5+ Rxb5 29. Rd6+ Kc7 30. Rxf6+ Kd7
31. Rf7+ Qxf7 32. Qxf7+ Kd6 33. Rh1 Rd5 34. c4 Rd4 35. Qf6+
Ne6 36. Re1 Rd2+ 37. Kg3 Re8 38. Qe5+ Kd7 39. Qb5+ Ke7
40. Rxe6+ 1-0

[Event "2nd Dato' Arthur Tan Malaysian Open"]
[Site "Kuala Lumpur MAS"]
[Date "2005.08.21"]
[EventDate "2005.08.19"]
[Round "4"]
[Result "1/2-1/2"]
[White "Rogelio Antonio Jr"]
[Black "Wang Hao"]
[WhiteElo "2513"]
[BlackElo "2512"]
[PlyCount "37"]

1. e4 e6 2. d4 d5 3. Nd2 c5 4. exd5 Qxd5 5. Ngf3 cxd4 6. Bc4
Qd6 7. O-O Nf6 8. Nb3 Nc6 9. Nbxd4 Nxd4 10. Qxd4 Bd7 11. Bf4
Qxd4 12. Nxd4 Rc8 13. Bb3 Bc5 14. Rad1 b5 15. a3 a5 16. c3 O-O
17. Rfe1 Rfd8 18. h3 Kf8 19. Be3 1/2-1/2

[Event "2nd Dato' Arthur Tan Malaysian Open"]
[Site "Kuala Lumpur MAS"]
[Date "2005.08.23"]
[EventDate "2005.08.19"]
[Round "6"]
[Result "0-1"]
[White "Nelson Mariano"]
[Black "Wang Hao"]
[WhiteElo "2466"]
[BlackElo "2512"]
[PlyCount "106"]

1. e4 e6 2. d4 d5 3. Nc3 Bb4 4. e5 c5 5. a3 Bxc3+ 6. bxc3 Ne7
7. a4 Nbc6 8. Nf3 Qa5 9. Qd2 Bd7 10. Bd3 f6 11. O-O fxe5
12. dxe5 O-O 13. Re1 h6 14. Nh4 Be8 15. c4 Qxd2 16. Bxd2 Rd8
17. cxd5 Nxd5 18. Bc1 Ndb4 19. Be4 Nd4 20. c3 Ndc2 21. cxb4
Nxe1 22. Be3 Nd3 23. Bxd3 Rxd3 24. Bxc5 Rf7 25. a5 a6 26. h3
Kh7 27. Nf3 Bc6 28. Nd4 Bd5 29. Ne2 Rf5 30. Ng3 Rxe5 31. f4
Rxg3 32. fxe5 Rxg2+ 33. Kf1 Rg3 34. h4 Rh3 35. Kf2 Rxh4
36. Kg3 Re4 37. Bd6 Re3+ 38. Kh2 Rf3 39. Rc1 g5 40. Be7 Kg6
41. Bf6 Rf4 42. Be7 Kf5 43. Rc8 Kxe5 44. Rh8 Rf1 45. Kg3 Rh1
46. Bf8 h5 47. Be7 h4+ 48. Kf2 Rh2+ 49. Ke3 Rh3+ 50. Kf2 Rg3
51. Rg8 Kf5 52. Rf8+ Kg4 53. Rg8 Rf3+ 0-1

[Event "2nd Dato' Arthur Tan Malaysian Open"]
[Site "Kuala Lumpur MAS"]
[Date "2005.08.24"]
[EventDate "2005.08.19"]
[Round "9"]
[Result "0-1"]
[White "Muhammad Ivan Situru"]
[Black "Wang Hao"]
[WhiteElo "2382"]
[BlackElo "2512"]
[PlyCount "74"]

1. e4 e6 2. d4 d5 3. Nc3 Nf6 4. Bg5 Bb4 5. e5 h6 6. Bd2 Bxc3
7. bxc3 Ne4 8. Qg4 g6 9. h4 c5 10. Bd3 Nxd2 11. Kxd2 Bd7
12. h5 g5 13. f4 Nc6 14. fxg5 Qa5 15. gxh6 O-O-O 16. Qf4 Nxd4
17. g4 Nb5 18. Bxb5 Bxb5 19. g5 d4 20. Rh3 dxc3+ 21. Ke1 Rd4
22. Qf6 Rhd8 23. h7 Qb4 24. Nf3 Rd2 25. Nxd2 cxd2+ 26. Kd1
Qg4+ 27. Rf3 Qg1+ 28. Rf1 Bxf1 29. Qxd8+ Kxd8 30. h8=Q+ Kc7
31. Qf6 Bh3+ 32. Kxd2 Qd4+ 33. Kc1 Qxa1+ 34. Kd2 Qd4+ 35. Kc1
Bf5 36. Qxf7+ Kb6 37. Qe7 Qe3+ 0-1

[Event "Asian Chess Championship"]
[Site "Hyderabad IND"]
[Date "2005.10.06"]
[EventDate "2005.05.24"]
[Round "1"]
[Result "1-0"]
[White "Wang Hao"]
[Black "Bandyopadhyay Roktim"]
[WhiteElo "2519"]
[BlackElo "2380"]
[PlyCount "69"]

1. e4 e5 2. Nf3 Nc6 3. Bb5 Nf6 4. d3 Bc5 5. Bxc6 dxc6 6. Be3
Bxe3 7. fxe3 Qe7 8. h3 O-O 9. Qd2 a5 10. Nc3 a4 11. a3 Nd7
12. O-O b5 13. Qf2 Nb6 14. Nh4 Bd7 15. Nf5 Bxf5 16. exf5 f6
17. Ne4 Nd7 18. Qe1 Qf7 19. Rf3 c5 20. Rd1 Rfb8 21. Qh4 b4
22. Ng3 bxa3 23. bxa3 Kh8 24. Nh5 Rg8 25. Rb1 Qa2 26. Rb7 Qxa3
27. Rxc7 Rad8 28. Rg3 Qc1+ 29. Kh2 Qxc2 30. Rg4 Qxd3 31. Nf4
Qxf5 32. Ng6+ Qxg6 33. Rxg6 a3 34. Ra7 Ra8 35. Rxd7 1-0

[Event "Asian Chess Championship"]
[Site "Hyderabad IND"]
[Date "2005.10.07"]
[EventDate "2005.11.15"]
[Round "2"]
[Result "1-0"]
[White "Zhou Weiqi"]
[Black "Wang Hao"]
[WhiteElo "2416"]
[BlackElo "2519"]
[PlyCount "62"]

1. d4 Nf6 2. Nf3 e6 3. g3 b5 4. Bg2 d5 5. O-O Nbd7 6. Nbd2 Bb7
7. e3 Be7 8. a4 b4 9. a5 Rb8 10. c4 c5 11. cxd5 Bxd5 12. Re1
O-O 13. e4 Ba8 14. e5 Nd5 15. dxc5 Nxc5 16. Nb3 Nxb3 17. Qxb3
h6 18. Be3 Qd7 19. Red1 Rfc8 20. a6 Rc7 21. Bd4 Rbc8 22. Nd2
Nf4 23. gxf4 Qxd4 24. Ne4 Qb6 25. Qg3 Rc2 26. Nd6 Bxd6
27. exd6 Bxg2 28. Qxg2 Rd8 29. Rd3 Rxb2 30. d7 Qb5 31. Qf3
Rxd7 1-0

[Event "Asian Chess Championship"]
[Site "Hyderabad IND"]
[Date "2005.10.10"]
[EventDate "2005.11.15"]
[Round "5"]
[Result "1-0"]
[White "Zhong Zhang"]
[Black "Wang Hao"]
[WhiteElo "2598"]
[BlackElo "2519"]
[PlyCount "97"]

1. c4 e5 2. Nc3 Nf6 3. g3 Bb4 4. Bg2 O-O 5. Nf3 Re8 6. O-O c6
7. d3 h6 8. e4 a5 9. a3 Bf8 10. d4 exd4 11. Nxd4 d6 12. Re1
Nbd7 13. b3 Nc5 14. Bb2 Bd7 15. Rb1 Qc8 16. Qc2 Bh3 17. Bh1
Qc7 18. Nde2 Rad8 19. Nf4 Bg4 20. h3 Bc8 21. Bg2 Nfd7 22. Nfe2
g6 23. b4 Na6 24. Na2 axb4 25. axb4 Bg7 26. Bxg7 Kxg7 27. Qc3+
Nf6 28. Nf4 Qe7 29. Nc1 Qe5 30. Qc2 Be6 31. Ncd3 Qd4 32. Nxe6+
Rxe6 33. Rbd1 Qb6 34. Qc3 Rde8 35. c5 dxc5 36. bxc5 Qc7 37. e5
Nh7 38. Nf4 R6e7 39. Rd6 Nf8 40. h4 h5 41. Bh3 Kh7 42. Re3 Rd8
43. Qd4 Rde8 44. Qc3 Rd8 45. Kh2 Rde8 46. g4 hxg4 47. Bxg4 b6
48. cxb6 Qxb6 49. Nd5 1-0

[Event "Asian Chess Championship"]
[Site "Hyderabad IND"]
[Date "2005.10.13"]
[EventDate "2005.??.??"]
[Round "7"]
[Result "1-0"]
[White "Wang Hao"]
[Black "Enamul Hossain"]
[WhiteElo "2519"]
[BlackElo "2476"]
[PlyCount "63"]

1. e4 c5 2. Nf3 e6 3. d4 cxd4 4. Nxd4 a6 5. Nc3 b5 6. Bd3 Qb6
7. Nf3 Nc6 8. O-O Qb8 9. Re1 d6 10. Bf4 Ne5 11. Bg3 Nf6
12. Nxe5 dxe5 13. a4 bxa4 14. Rxa4 Nd7 15. Qa1 Qb6 16. Rc4 Bd6
17. Nb5 O-O 18. Nxd6 Qxd6 19. Rd1 f6 20. Bf1 Qb8 21. b4 Nb6
22. Rc6 Bd7 23. Rxb6 Qxb6 24. Rxd7 Qxb4 25. Qa2 a5 26. Qxe6+
Kh8 27. h4 Rfd8 28. Re7 Qe1 29. h5 h6 30. Bh4 Rf8 31. Qg4 Rg8
32. Bxf6 1-0

[Event "Asian Chess Championship"]
[Site "Hyderabad IND"]
[Date "2005.10.15"]
[EventDate "2005.05.24"]
[Round "9"]
[Result "1/2-1/2"]
[White "Wang Hao"]
[Black "Krishnan Sasikiran"]
[WhiteElo "2519"]
[BlackElo "2663"]
[PlyCount "87"]

1. e4 e5 2. Nf3 Nc6 3. Bb5 a6 4. Ba4 Nf6 5. O-O Be7 6. Re1 b5
7. Bb3 d6 8. c3 O-O 9. d4 Bg4 10. Be3 exd4 11. cxd4 Na5
12. Bc2 Nc4 13. Bc1 c5 14. b3 Nb6 15. Bb2 Nfd7 16. Nbd2 Re8
17. h3 Bh5 18. a4 Rc8 19. a5 Na8 20. dxc5 Nxc5 21. Qb1 Bg6
22. Nd4 d5 23. e5 Bxc2 24. Qxc2 Ne6 25. Qd1 Nac7 26. N2f3 Nxd4
27. Nxd4 Ne6 28. Qg4 Bf8 29. Nf5 g6 30. Rad1 Rc2 31. Bd4 Qxa5
32. Nd6 Re7 33. Ba1 Rd2 34. Rc1 Rc7 35. Qf3 Rdc2 36. Rcd1 d4
37. Ne8 Rc8 38. Nd6 R8c7 39. Ne8 R7c6 40. Nxf6+ Kh8 41. Ne8
Kg8 42. Nf6+ Kh8 43. Ne8 Kg8 44. Nf6+ 1/2-1/2

[Event "World Junior Championship (Boys)"]
[Site "Instanbul TUR"]
[Date "2005.11.09"]
[EventDate "2005.11.09"]
[Round "1"]
[Result "1-0"]
[White "Wang Hao"]
[Black "Oliver Kurmann"]
[WhiteElo "2519"]
[BlackElo "2287"]
[PlyCount "75"]

1. e4 e6 2. d4 d5 3. e5 c5 4. c3 Nc6 5. Nf3 Bd7 6. Be2 Nge7
7. Na3 Ng6 8. Nc2 cxd4 9. cxd4 f6 10. Bd3 Be7 11. O-O O-O
12. exf6 Bxf6 13. Re1 Nh4 14. Ne5 Bxe5 15. dxe5 Be8 16. Qg4
Nf5 17. b4 a6 18. h4 Qc7 19. Bf4 Qf7 20. a4 h5 21. Qg5 Nxh4
22. Be3 Qe7 23. b5 axb5 24. axb5 Rxa1 25. Nxa1 Qxg5 26. Bxg5
Nb4 27. Bb1 Nxg2 28. Kxg2 Bxb5 29. Nb3 Bd3 30. Nc5 Bxb1
31. Rxb1 Nc6 32. Rxb7 Re8 33. Nd3 Kh7 34. Nf4 h4 35. Bf6 Rg8
36. Nxe6 Kg6 37. Nxg7 d4 38. Rd7 1-0

[Event "World Junior Championship (Boys)"]
[Site "Instanbul TUR"]
[Date "2005.11.10"]
[EventDate "2005.11.09"]
[Round "2"]
[Result "1-0"]
[White "Kevin Terrieux"]
[Black "Wang Hao"]
[WhiteElo "2365"]
[BlackElo "2519"]
[PlyCount "73"]

1. d4 d5 2. c4 dxc4 3. e3 Nf6 4. Bxc4 a6 5. Nf3 b5 6. Bd3 Bb7
7. O-O e6 8. Qe2 Nbd7 9. a4 b4 10. Nbd2 c5 11. Nc4 cxd4
12. exd4 a5 13. Nce5 Bd6 14. Bg5 O-O 15. Rad1 Be7 16. Rfe1 Rc8
17. Nxd7 Qxd7 18. Bb5 Qd5 19. Rc1 h6 20. Bf4 Qh5 21. Ne5 Qh4
22. g3 Qh3 23. f3 Nd5 24. Bd2 Bf6 25. Qf2 Bxe5 26. Rxe5 Rxc1+
27. Bxc1 Rc8 28. Bd2 g5 29. Bd3 Kf8 30. Qe2 Re8 31. f4 f6
32. Bf5 Qxf5 33. Rxf5 exf5 34. Qh5 gxf4 35. Qxh6+ Kg8 36. Qg6+
Kf8 37. Bxf4 1-0

[Event "World Junior Championship (Boys)"]
[Site "Instanbul TUR"]
[Date "2005.11.11"]
[EventDate "2005.11.09"]
[Round "3"]
[Result "1-0"]
[White "Wang Hao"]
[Black "Roderick Nava"]
[WhiteElo "2519"]
[BlackElo "2317"]
[PlyCount "41"]

1. e4 c5 2. Nf3 d6 3. d4 cxd4 4. Nxd4 Nf6 5. Nc3 a6 6. Be3 e6
7. f3 b5 8. Qd2 b4 9. Na4 Nbd7 10. O-O-O d5 11. exd5 Nxd5
12. Bc4 Bb7 13. Rhe1 Qa5 14. Nxe6 fxe6 15. Bb6 Qxa4 16. Bxd5
Be7 17. Bxb7 Nxb6 18. Rxe6 O-O 19. Rxe7 Qxa2 20. Qd4 Rf6
21. Bxa8 1-0

[Event "World Junior Championship (Boys)"]
[Site "Instanbul TUR"]
[Date "2005.11.12"]
[EventDate "2005.11.09"]
[Round "4"]
[Result "0-1"]
[White "Kalin Karakehajov"]
[Black "Wang Hao"]
[WhiteElo "2396"]
[BlackElo "2519"]
[PlyCount "60"]

1. d4 Nf6 2. Nf3 e6 3. Bf4 c5 4. e3 Qb6 5. Qc1 Nc6 6. c3 d5
7. Nbd2 Bd7 8. Rb1 Nh5 9. Be5 cxd4 10. exd4 f6 11. Bg3 O-O-O
12. b4 Nxg3 13. hxg3 e5 14. Nb3 Bd6 15. Be2 e4 16. Nh2 Kb8
17. Nf1 Ne7 18. Nc5 Bc8 19. Ne3 f5 20. c4 f4 21. gxf4 Bxf4
22. cxd5 Rhf8 23. Bc4 Nf5 24. Qc3 Qg6 25. Nxf5 Bxf5 26. O-O
Qh5 27. g3 Bg4 28. Nxe4 Bf3 29. Qxf3 Qxf3 30. Rbe1 Rde8 0-1

[Event "World Junior Championship (Boys)"]
[Site "Instanbul TUR"]
[Date "2005.11.13"]
[EventDate "2005.11.09"]
[Round "5"]
[Result "1/2-1/2"]
[White "Wang Hao"]
[Black "Vugar Gashimov"]
[WhiteElo "2519"]
[BlackElo "2608"]
[PlyCount "130"]

1. e4 c5 2. Nf3 d6 3. d4 cxd4 4. Nxd4 Nf6 5. Nc3 g6 6. Be3 Bg7
7. f3 O-O 8. Bc4 Nc6 9. Bb3 Bd7 10. h4 Qa5 11. Qd2 Rfc8
12. O-O-O Ne5 13. Kb1 Nc4 14. Bxc4 Rxc4 15. Nb3 Qc7 16. h5
Rxc3 17. Qxc3 Qxc3 18. bxc3 Nxh5 19. Bd4 Be6 20. Bxg7 Nxg7
21. Rhe1 Rc8 22. Kb2 Ne8 23. f4 Nf6 24. e5 Nd5 25. exd6 exd6
26. Rd4 Nb6 27. Rb4 Bd5 28. g3 Nc4+ 29. Kc1 a5 30. Rb5 Bc6
31. Rg5 h6 32. Rg4 Bd7 33. Rh4 h5 34. Re7 Nb6 35. Nxa5 Rxc3
36. Nxb7 Kf8 37. Rxd7 Nxd7 38. Nxd6 Rxg3 39. f5 Ke7 40. Rd4
Nc5 41. fxg6 fxg6 42. Kd2 Ne6 43. Nc8+ Kf6 44. Ra4 g5 45. Nd6
Rg2+ 46. Ke3 Rg1 47. Ne4+ Kg6 48. Kf2 Rg4 49. Ke3 Nf8 50. Ra6+
Kg7 51. Ra7+ Kh6 52. Rf7 Rf4 53. Rxf4 gxf4+ 54. Kxf4 Kg6
55. c4 Kf7 56. Ke5 Ke7 57. Kd5 h4 58. Kc6 h3 59. a4 h2 60. Nf2
Nd7 61. c5 Ne5+ 62. Kb6 Nd7+ 63. Kb5 Kd8 64. a5 Kc7 65. a6
Nxc5 1/2-1/2

[Event "World Junior Championship (Boys)"]
[Site "Instanbul TUR"]
[Date "2005.11.14"]
[EventDate "2005.11.09"]
[Round "6"]
[Result "1/2-1/2"]
[White "Borki Predojevic"]
[Black "Wang Hao"]
[WhiteElo "2558"]
[BlackElo "2519"]
[PlyCount "37"]

1. e4 e6 2. d4 d5 3. e5 c5 4. c3 Nc6 5. Nf3 Qb6 6. a3 c4
7. Nbd2 Na5 8. Be2 Bd7 9. O-O Ne7 10. Rb1 Qc7 11. Re1 Nc8
12. Nf1 Nb6 13. Bg5 h6 14. Bh4 Ba4 15. Qc1 Kd7 16. Qe3 Bc2
17. Rbc1 Bh7 18. N3d2 Re8 19. Bd1 1/2-1/2

[Event "World Junior Championship (Boys)"]
[Site "Instanbul TUR"]
[Date "2005.11.16"]
[EventDate "2005.11.09"]
[Round "7"]
[Result "1-0"]
[White "Wang Hao"]
[Black "Tornike Sanikidze"]
[WhiteElo "2519"]
[BlackElo "2411"]
[PlyCount "115"]

1. e4 c6 2. d4 d5 3. Nd2 dxe4 4. Nxe4 Bf5 5. Ng3 Bg6 6. h4 h6
7. Nf3 Nd7 8. h5 Bh7 9. Bd3 Bxd3 10. Qxd3 e6 11. Bd2 Ngf6
12. O-O-O Be7 13. Kb1 O-O 14. Qe2 Qb6 15. c4 Rfd8 16. Ne5 c5
17. Bc3 cxd4 18. Bxd4 Bc5 19. Bc3 Bb4 20. Bd4 Bc5 21. Bc3 Bb4
22. Nxd7 Nxd7 23. Ne4 Bxc3 24. Nxc3 Nf6 25. g4 Rxd1+ 26. Rxd1
Rd8 27. f3 Rd7 28. Kc2 Kf8 29. a3 Rxd1 30. Nxd1 Nd7 31. Nc3 a6
32. b4 Qd4 33. Qe4 Qxe4+ 34. Nxe4 Ne5 35. Nd2 f5 36. gxf5 exf5
37. Kc3 Ke7 38. Kd4 Kd6 39. b5 axb5 40. cxb5 Nd7 41. Nc4+ Kc7
42. b6+ Kb8 43. Nd6 Nf6 44. Nxf5 Nxh5 45. a4 Kc8 46. a5 Kd7
47. Kc5 Nf4 48. Nxg7 h5 49. Nf5 Ng6 50. Kb5 Ne5 51. a6 bxa6+
52. Kxa6 Kc6 53. b7 Nd7 54. Ka7 Kd5 55. Nh4 Ke5 56. Ng6+ Kd5
57. f4 h4 58. Ne5 1-0

[Event "World Junior Championship (Boys)"]
[Site "Instanbul TUR"]
[Date "2005.11.17"]
[EventDate "2005.11.09"]
[Round "8"]
[Result "1/2-1/2"]
[White "Wang Yue"]
[Black "Wang Hao"]
[WhiteElo "2585"]
[BlackElo "2519"]
[PlyCount "54"]

1. d4 d5 2. c4 dxc4 3. Nf3 Nf6 4. e3 e6 5. Bxc4 c5 6. O-O a6
7. a4 Nc6 8. Qe2 Be7 9. Rd1 Qc7 10. dxc5 O-O 11. Nbd2 e5
12. Bd3 Bg4 13. b3 Nd7 14. h3 Bh5 15. Bf5 Nxc5 16. Ba3 e4
17. Nxe4 Nxb3 18. Rab1 Bxa3 19. Rxb3 Bb4 20. Qc4 Bxf3 21. gxf3
Be7 22. Rd7 Qe5 23. Qd5 Rfd8 24. Rxd8+ Nxd8 25. Nc3 g6 26. Be4
Rb8 27. Kg2 Kh8 1/2-1/2

[Event "World Junior Championship (Boys)"]
[Site "Instanbul TUR"]
[Date "2005.11.18"]
[EventDate "2005.11.09"]
[Round "9"]
[Result "1/2-1/2"]
[White "Wang Hao"]
[Black "Radoslaw Wojtaszek"]
[WhiteElo "2519"]
[BlackElo "2606"]
[PlyCount "42"]

1. e4 c6 2. d4 d5 3. Nd2 dxe4 4. Nxe4 Nd7 5. Ng5 Ngf6 6. Bd3
e6 7. N1f3 Bd6 8. Qe2 h6 9. Ne4 Nxe4 10. Qxe4 Qc7 11. O-O b6
12. Qg4 Kf8 13. b3 Bb7 14. Bb2 Nf6 15. Qh4 c5 16. dxc5 Qxc5
17. Bd4 Qa5 18. Bxf6 gxf6 19. Be4 Bxe4 20. Qxe4 Kg7 21. Rad1
Qc5 1/2-1/2

[Event "World Junior Championship (Boys)"]
[Site "Instanbul TUR"]
[Date "2005.11.19"]
[EventDate "2005.11.09"]
[Round "10"]
[Result "1-0"]
[White "Daniel Stellwagen"]
[Black "Wang Hao"]
[WhiteElo "2561"]
[BlackElo "2519"]
[PlyCount "85"]

1. e4 e6 2. d4 d5 3. Nc3 Nf6 4. Bg5 Bb4 5. e5 h6 6. Bd2 Bxc3
7. bxc3 Ne4 8. Qg4 g6 9. Bd3 Nxd2 10. Kxd2 c5 11. h4 Bd7
12. Rb1 Bc6 13. h5 gxh5 14. Rxh5 Nd7 15. Nf3 Qa5 16. Qg7 Rf8
17. Rxh6 O-O-O 18. Rbh1 Nb6 19. Rh8 Rfe8 20. Ng5 Na4 21. Nxf7
Qxc3+ 22. Ke2 c4 23. Bg6 Qxd4 24. Kf3 Qc3+ 25. Kg4 Qd4+
26. Kg3 Qc3+ 27. Kg4 Qd4+ 28. f4 Qf2 29. g3 d4 30. Nxd8 Qf3+
31. Kg5 Qxg3+ 32. Kh6 Rxd8 33. Rxd8+ Kxd8 34. Qf8+ Kc7
35. Qd6+ Kb6 36. Qxd4+ Kc7 37. Rh5 Nc3 38. Rg5 Qh4+ 39. Rh5
Qg3 40. f5 exf5 41. Rxf5 Nd5 42. Rf7+ Kb8 43. Kg7 1-0

[Event "World Cup"]
[Site "Khanty-Mansiysk RUS"]
[Date "2005.11.27"]
[EventDate "2005.11.27"]
[Round "1.1"]
[Result "1/2-1/2"]
[White "Wang Hao"]
[Black "Vladimir Malakhov"]
[WhiteElo "2519"]
[BlackElo "2670"]
[PlyCount "99"]

1. e4 c5 2. Nf3 Nc6 3. Nc3 g6 4. d4 cxd4 5. Nxd4 Bg7 6. Be3
Nf6 7. Bc4 Qa5 8. O-O O-O 9. Bb3 d6 10. h3 Bd7 11. Re1 Rac8
12. Nf3 Qh5 13. Qe2 h6 14. Rad1 g5 15. Nd5 b6 16. c3 Nxd5
17. Bxd5 Ne5 18. Nxe5 Qxe2 19. Rxe2 Bxe5 20. h4 Bb5 21. Ree1
Bf6 22. hxg5 hxg5 23. f4 gxf4 24. Bxf4 Rfd8 25. Bb3 Kf8
26. Rd5 Bc4 27. Rf5 Bg7 28. Kf2 e6 29. Rh5 Ke7 30. Rd1 Ba6
31. Bg5+ Bf6 32. Bxe6 Kxe6 33. Rh6 Rg8 34. Rxf6+ Ke5 35. Bh4
Bc4 36. Rf5+ Ke6 37. b3 Rg4 38. g3 Rxe4 39. Rf6+ Ke5 40. Rf4
Bd5 41. c4 Ba8 42. Rxf7 b5 43. Re7+ Kf5 44. Rxe4 Bxe4 45. Rxd6
bxc4 46. bxc4 Rxc4 47. Ra6 Bc2 48. Be7 Ra4 49. Rf6+ Ke5 50. a3
1/2-1/2

[Event "World Cup"]
[Site "Khanty-Mansiysk RUS"]
[Date "2005.11.28"]
[EventDate "2005.11.27"]
[Round "1.2"]
[Result "1-0"]
[White "Vladimir Malakhov"]
[Black "Wang Hao"]
[WhiteElo "2670"]
[BlackElo "2519"]
[PlyCount "67"]

1. c4 e5 2. Nc3 Nf6 3. Nf3 Nc6 4. g3 Bc5 5. Bg2 d6 6. O-O O-O
7. d3 h6 8. Na4 Bb6 9. b3 Re8 10. Bb2 Bg4 11. h3 Bxf3 12. Bxf3
Bd4 13. Nc3 Qd7 14. Bg2 a6 15. Qd2 Ba7 16. Kh2 Rab8 17. Rac1
Nd8 18. e3 c6 19. Ne4 Nxe4 20. dxe4 f6 21. Rfd1 Nf7 22. h4 Qe7
23. Qe2 Rbd8 24. Bh3 g6 25. h5 Ng5 26. hxg6 Nxe4 27. Bf5 Ng5
28. Kg2 Kg7 29. Rh1 Rh8 30. Rh5 d5 31. Rch1 d4 32. exd4 Bxd4
33. f4 Ne6 34. Bc1 1-0

[Event "Aeroflot Open"]
[Site "Moscow RUS"]
[Date "2006.02.09"]
[EventDate "2006.02.08"]
[Round "2"]
[Result "1/2-1/2"]
[White "Wang Hao"]
[Black "Alexander Khalifman"]
[WhiteElo "2593"]
[BlackElo "2660"]
[PlyCount "34"]

1. e4 c5 2. Nf3 e6 3. d4 cxd4 4. Nxd4 a6 5. Nc3 Qc7 6. Be2 Nc6
7. O-O Nf6 8. Kh1 Be7 9. f4 d6 10. a4 O-O 11. Be3 Re8 12. Bd3
Nb4 13. a5 Bd7 14. Qf3 Rac8 15. Qg3 Nh5 16. Qf3 Nf6 17. Qg3
Nh5 1/2-1/2

[Event "Aeroflot Open"]
[Site "Moscow RUS"]
[Date "2006.02.11"]
[EventDate "2006.02.08"]
[Round "4"]
[Result "1/2-1/2"]
[White "Artyom Timofeev"]
[Black "Wang Hao"]
[WhiteElo "2653"]
[BlackElo "2593"]
[PlyCount "59"]

1. e4 e6 2. d4 d5 3. Nc3 Nf6 4. e5 Nfd7 5. f4 c5 6. Nf3 Nc6
7. Be3 a6 8. Qd2 b5 9. a3 Qa5 10. Ra2 Qb6 11. Ne2 b4 12. axb4
Nxb4 13. Ra1 Nc6 14. b3 g6 15. Nc3 cxd4 16. Nxd4 Nxd4 17. Bxd4
Qc6 18. Be2 Bc5 19. O-O O-O 20. Na4 Bxd4+ 21. Qxd4 Bb7 22. Bf3
Rac8 23. c4 Nc5 24. Rab1 Nxa4 25. bxa4 Qd7 26. Qb6 Ba8
27. cxd5 Bxd5 28. Rbd1 Qc6 29. Qxc6 Bxc6 30. Rd6 1/2-1/2

[Event "Aeroflot Open"]
[Site "Moscow RUS"]
[Date "2006.02.15"]
[EventDate "2006.02.08"]
[Round "8"]
[Result "1/2-1/2"]
[White "Konstantin Rufovich Sakaev"]
[Black "Wang Hao"]
[WhiteElo "2649"]
[BlackElo "2593"]
[PlyCount "69"]

1. e4 e6 2. d4 d5 3. e5 c5 4. c3 Bd7 5. Nf3 Nc6 6. Be2 Nge7
7. Na3 cxd4 8. cxd4 Nf5 9. Nc2 Qb6 10. O-O Na5 11. b3 Bb5
12. Bxb5+ Qxb5 13. Ne3 Nxe3 14. Bxe3 Be7 15. Ng5 Bxg5 16. Bxg5
Nc6 17. Rc1 Qb4 18. Be3 O-O 19. Rc5 Rac8 20. Qc2 Ne7 21. Rc1
Rxc5 22. Qxc5 Qxc5 23. Rxc5 Rc8 24. Rxc8+ Nxc8 25. g4 Ne7
26. Kf1 f6 27. exf6 gxf6 28. Ke2 Kf7 29. Kd3 Nc6 30. Kc3 Kg6
31. h4 h5 32. f3 Ne7 33. Kb4 f5 34. g5 Kf7 35. Bf2 1/2-1/2